Web development & design foundations with HTML5

Web Development and Design Foundations with HTML5 introduces HTML and CSS topics such as text configuration, color configuration, and page layout, with an enhanced focus on the topics of design, accessibility, and Web standards. The text relates both the necessary hard skills (such as HTML5, CSS, an...

Disgrifiad llawn

Wedi'i Gadw mewn:
Manylion Llyfryddiaeth
Prif Awdur: Felke-Morris, Terry
Fformat: Llyfr
Iaith:Vietnamese
Cyhoeddwyd: Hoboken, N.J Pearson Higher Education 2019
Rhifyn:9th ed.
Pynciau:
Tagiau: Ychwanegu Tag
Dim Tagiau, Byddwch y cyntaf i dagio'r cofnod hwn!
Thư viện lưu trữ: Thư viện Trường Đại học Nam Cần Thơ
LEADER 01232nam a22002177a 4500
001 NCT_86700
008 201017b xxu||||| |||| 00| 0 vie d
999 |c 4273  |d 4273 
020 |a 9780134801148 
082 0 4 |2 23rd ed.  |a 006.74  |b F288 
100 1 |a Felke-Morris, Terry 
245 1 0 |a Web development & design foundations with HTML5  |c Terry Felke-Morris 
250 |a 9th ed. 
260 |a Hoboken, N.J  |b Pearson Higher Education  |c 2019 
300 |a xx, 695 p.  |b ill.  |c 28cm 
504 |a Includes bibliography and index 
520 3 |a Web Development and Design Foundations with HTML5 introduces HTML and CSS topics such as text configuration, color configuration, and page layout, with an enhanced focus on the topics of design, accessibility, and Web standards. The text relates both the necessary hard skills (such as HTML5, CSS, and JavaScript) and soft skills (design, e-commerce, and promotion strategies) considered fundamental to contemporary web development.  
653 |a Công nghệ thông tin 
942 |2 ddc  |c BK 
952 |0 0  |1 0  |2 ddc  |4 0  |6 006_740000000000000_F288  |7 0  |9 20691  |a 000001  |b 000001  |d 2020-10-17  |o 006.74 F288  |p MD.17994  |r 2020-10-17  |v 0.00  |w 2020-10-17  |y BK 
980 |a Thư viện Trường Đại học Nam Cần Thơ